Normal view
MARC view
- Bramhankar A B; Chilakar S & Suhas D
Entry Personal Name
001 - CONTROL NUMBER
- control field: 110751
003 - CONTROL NUMBER IDENTIFIER
- control field: OSt
005 - DATE AND TIME OF LATEST TRANSACTION
- control field: 20230125043833.0
008 - FIXED-LENGTH DATA ELEMENTS
- fixed length control field: 230125|| aca||aabn | a|a d
040 ## - CATALOGING SOURCE
- Original cataloging agency: OSt
- Transcribing agency: OSt
100 ## - HEADING--PERSONAL NAME
- Personal name: Bramhankar A B; Chilakar S & Suhas D
670 ## - SOURCE DATA FOUND
- Source citation: Work cat.: (OSt)87608: Bramhankar A B 110750, Karyalayeen Vyavasthapan F.Y.B.Com.